00490nam a2200181 a 4500001001300000003000900013005001700022008004100039020002300080082001300103100001800116245005700134260003200191300000900223500003500232650002300267700001800290nice12345678IN_TiNIC20260116014619.0070413s2004 newa grp 000 0 eng  a0826477097 c39500a190bRIC aRicoeut, Paul aConfllict of Interpretationb Essays in Hermeneutics aNew York bContinuum c2004 a508p aincludes index and biblioraphy aPhilosophy-Western1 aRicoeut, Paul